<?xml version='1.0' encoding='UTF-8'?><?xml-stylesheet href='static/style.xsl' type='text/xsl'?><OAI-PMH xmlns="http://www.openarchives.org/OAI/2.0/" xmlns:xsi="http://www.w3.org/2001/XMLSchema-instance" xsi:schemaLocation="http://www.openarchives.org/OAI/2.0/ http://www.openarchives.org/OAI/2.0/OAI-PMH.xsd"><responseDate>2026-04-17T10:07:36Z</responseDate><request verb="GetRecord" identifier="oai:ebiltegia.mondragon.edu:20.500.11984/3084" metadataPrefix="marc">https://ebiltegia.mondragon.edu/oai/request</request><GetRecord><record><header><identifier>oai:ebiltegia.mondragon.edu:20.500.11984/3084</identifier><datestamp>2024-01-04T21:56:43Z</datestamp><setSpec>com_20.500.11984_1736</setSpec><setSpec>com_20.500.11984_1627</setSpec><setSpec>col_20.500.11984_1972</setSpec></header><metadata><record xmlns="http://www.loc.gov/MARC21/slim" xmlns:dcterms="http://purl.org/dc/terms/" xmlns:xsi="http://www.w3.org/2001/XMLSchema-instance" xmlns:doc="http://www.lyncode.com/xoai" xsi:schemaLocation="http://www.loc.gov/MARC21/slim http://www.loc.gov/standards/marcxml/schema/MARC21slim.xsd">
   <leader>00925njm 22002777a 4500</leader>
   <datafield ind2=" " ind1=" " tag="042">
      <subfield code="a">dc</subfield>
   </datafield>
   <datafield ind2=" " ind1=" " tag="720">
      <subfield code="a">Mondragon Unibertsitatea</subfield>
      <subfield code="e">author</subfield>
   </datafield>
   <datafield ind2=" " ind1=" " tag="260">
      <subfield code="c">2011-05-22</subfield>
   </datafield>
   <datafield ind2=" " ind1=" " tag="520">
      <subfield code="a">Gipuzkoako Bazkundeko Presidenteak, Pedro Esnaolak, eta Mondragon Unibertsitateko Errektore Jaunak,  Iosu Zabalak, MBA Executive 2009/2010 lehen edizioko amaiera nagusitu dute. Kurtsua arrakastaz amaitu duten 22 ikasleei titulua eman diete.&#xd;
Tituluaren helburu profesional eta zuzendarien gaitasunak  hobetzea da, eta honek, lurralde historikoko enpresen   lehiakortasuna garatzeko lagunduko dezake, eta gaur egungo krisialdi ekonomikoa gainditzeko tresnez hornitu dezake ere.</subfield>
   </datafield>
   <datafield ind2=" " ind1=" " tag="520">
      <subfield code="a">El Presidente de la Cámara de Gipuzkoa, Pedro Esnaola, y el Rector de Mondragon Unibertsitatea, Iosu Zabala, presidieron la entrega de títulos a los 22 alumnos que  han concluido el curso con éxito.&#xd;
El título tiene como objetivo mejorar las competencias de los  profesionales y directivos, lo que contribuirá a desarrollar la competitividad del tejido empresarial del territorio e incluso proporcionar herramientas para afrontar la actual crisis económica.</subfield>
   </datafield>
   <datafield ind1="8" ind2=" " tag="024">
      <subfield code="a">https://hdl.handle.net/20.500.11984/3084</subfield>
   </datafield>
   <datafield tag="653" ind2=" " ind1=" ">
      <subfield code="a">Enpresagintza Fakultatea</subfield>
   </datafield>
   <datafield tag="653" ind2=" " ind1=" ">
      <subfield code="a">Facultad de Empresariales</subfield>
   </datafield>
   <datafield ind2="0" ind1="0" tag="245">
      <subfield code="a">Mondragon Unibertsitateak eta Gipuzkoako Bazkundeak MBA Executive-ko lehen edizioaren amaiera nagusitu zuten, onarpen haundieneko graduondo titulua.</subfield>
   </datafield>
   <datafield ind2="0" ind1="0" tag="245">
      <subfield code="a">Mondragon Unibertsitatea y Cámara de Gipuzkoa clausuran la primera edición del MBA Executive, el título de postgrado con mayor reconocimiento.</subfield>
   </datafield>
</record></metadata></record></GetRecord></OAI-PMH>